000 00674nam a2200277Ia 4500
005 20260324144115.0
008 008 260324s9999 xx 000 0 eng d
020 _a9781315137940
037 _aEBOOK
040 _aCRL
040 _beng
040 _cCRL
041 _2eng
041 _aeng
084 _qCRL
100 _aRichard Kendall Miller; Stanley L. Robinson
_91218108
245 0 _aAutomated Inspection and Quality Assurance
260 _bTaylor and Francis
260 _c1989
365 _a
365 _b275
856 _uhttp://www.taylorfrancis.com/books/9781315137940
942 _cEBOOK
999 _c1824310
_d1824310